• 首页
  • 本馆介绍
  • 公告通知
  • 最新文献
  • 馆藏检索
  • 电子资源
  • 读者导购
  • 参考咨询
  • 我的图书馆
  • 登录
  • 详细信息显示
  • 放入我的书架
  • 预约/预借图书
  • 作者相关作品
  • 分类相关作品
  • 丛书相关作品
  • 出版社相关作品

书目信息

  • 表格格式
  • 工作单格式
  • 卡片格式
题名:
英语专业八级人文知识精讲
    
 
作者: 王苏春 主编
分册:  
出版信息: 南京   南京大学出版社  2005
页数: 174页
开本: 26cm
丛书名:
单 册:
中图分类: H310.42
科图分类:
主题词: 英语--高等学校--教学参考资料
电子资源:
ISBN: 7-305-04411-3
000 00789nam0 2200229 450
001 012007701462
005 20070525155148.01
010    @a7-305-04411-3@dCNY16.00
100    @a20070517d2005 km y0chiy0120 ea
101 0  @achi@aeng
102    @aCN@b320000
105    @ay z 000yy
106    @ar
200 1  @a英语专业八级人文知识精讲@Aying yu zhuan ye ba ji ren wen zhi shi jing jiang@f王苏春主编@Fwang su chun zhu bian
210    @a南京@c南京大学出版社@d2005
215    @a174页@d26cm
330    @a本书包括新旧大纲对比、新大纲样题解答、最新专业八级人文知识专题解析、人文知识题解、模拟试题50套、模拟试题答案等内容。
606 0  @a英语@x高等学校@j教学参考资料
690    @aH310.42@v4
701  0 @a王苏春@Awang su chun@4主编
801  0 @aCN@bRULIN@c20070525
905    @dH310.42@e1004@s8
    
    英语专业八级人文知识精讲/王苏春主编.-南京:南京大学出版社,2005
    174页;26cm
    
    
    ISBN 7-305-04411-3:CNY16.00
    本书包括新旧大纲对比、新大纲样题解答、最新专业八级人文知识专题解析、人文知识题解、模拟试题50套、模拟试题答案等内容。
●
相关链接 在E读中查询图书 在五车中查询图书 在当当中查询图书 在豆瓣中查询图书


正题名:英语专业八级人文知识精讲     索取号:H310.42/1004         预约/预借

序号 登录号 条形码 馆藏地/架位号 状态 备注
1 0581213   205812138   第二样本阅览室/ [索取号:H310.42/1004] 在馆    
2 0581214   205812147   第四借阅区/ [索取号:H310.42/1004] 在馆    
3 0581215   205812156   第四借阅区/ [索取号:H310.42/1004] 在馆    
4 0581216   205812165   第四借阅区/ [索取号:H310.42/1004] 在馆    
5 0581217   205812174   第四借阅区/ [索取号:H310.42/1004] 在馆    
6 0581218   205812183   第四借阅区/ [索取号:H310.42/1004] 在馆    
7 0581219   205812192   第四借阅区/ [索取号:H310.42/1004] 在馆    
唐山师范学院图书馆 欢迎您!
大连网信软件有限公司© 版权所有